11 All-Time de l'Equipe d'Espagne - Statistiques

Statistiques générales
  • Ce quiz a été pris 438 fois
  • Le résultat moyen est 11 sur 16
Statistiques - réponses
Poste Années Réponse % Correct
Gardien 2000-2016 Iker Casillas
98%
Milieu de terrain 2006-2018 Andres Iniesta
97%
Milieu de terrain 2000-2014 Xavi Hernandez
97%
Défenseur Central 2000-2013 Carles Puyol
89%
Défenseur Central 2009-2018 Gérard Pique
87%
Milieu de terrain 2009-2022 Sergio Busquets
87%
Buteur 2005-2017 David Villa
81%
Buteur 2003-2014 Fernando Torres
80%
Remplaçant (Attaquant) 1996-2006 Raul Gonzalez
61%
Remplaçant (Gardien) 2021- Unai Simon
56%
Remplaçant (Milieu Offensif) 2006-2018 David Silva
53%
Défenseur Droit 2005-2021 Sergio Ramos
52%
Milieu Offensif 2006-2016 Cesc Fabregas
45%
Sélectionneur 2008-2016 Vicente Del Bosque
44%
Remplaçant (Défenseur Central) 1989-2002 Fernando Hierro
40%
Défenseur Gauche 2002-2011 Joan Capdevila
26%
Aucun quiz correspondant
Distribution des résultats
% des personnes avec chaque résultat
Percentile par nombre de réponses
Votre historique - résultats
Vous n’avez pas pris ce quiz